000 00423nam a2200181Ia 4500
008 100920s9999 xx 000 0 und d
082 _b31669
_a11 0
100 _aWILSON WOODROW.
245 _aTHE STATE.
260 _b---
_c0
300 _a656
_bसाधी
365 _b0
520 _aएच.पी.बी.
630 _aTHE STATE.
650 _aएच.पी.बी.
730 _aTHE STATE.
942 _cBOOK
999 _c686813
_d686810